000 00644nam a2200229Ia 4500
003 OSt
005 20220924144317.0
006 a|||||r|||| 00| 0
007 ta
008 220923b |||||||| |||| 00| 0 urd d
024 _a313481
037 _cTextual
040 _aARTS
_cARTS
_burd
041 _2urd
_aurd
082 _aO168,1M12:g, K6
100 _aSheerazi Mirza Mohammad Shafie
_9217442
245 0 _aMarka-e-chikbast-wa-sharar yani mobahisa
_bGulzar-e-naseem
260 _c1966
650 _aURDU POETRY
942 _hO168,1M12:g, K6
_cTEXL
_2CC
999 _c456707
_d456707